De la lógica del niño a la lógica del adolescente: ensayo sobre la construcción de las estructuras operatorias formales

Uloženo v:
Podrobná bibliografie
Hlavní autor: Inhelder, Bärbel (Autor)
Médium: Kniha
Jazyk:španělština
Vydáno: Barcelona Paidós 1985
Edice:Paidós Psicología Evolutiva
Témata:
Tagy: Přidat tag
Žádné tagy, Buďte první, kdo vytvoří štítek k tomuto záznamu!

MARC

LEADER 00000nam a2200000 a 4500
001 UCZ6598
003 CL-VaPUC
008 951211e19850000SP |||||||||||||||||spa|d
082 0 4 |a 160  |b INH  |2 21 
100 |a Inhelder, Bärbel  |e author  |9 585720 
245 1 0 |a De la lógica del niño a la lógica del adolescente: ensayo sobre la construcción de las estructuras operatorias formales 
300 |a 294 p 
942 |c BK 
945 |d 19951211 00:00:00  |a lriquelm 
260 |a Barcelona  |b Paidós  |c 1985 
650 0 |a Lógica  |9 256849 
650 0 |a Psicología del niño  |9 307305 
650 0 |a Psicología del adolescente   |9 307864 
650 0 |a Teoría del conocimiento   |9 255038 
650 0 |a Intuición  |9 333290 
650 0 |a Inteligencia  |9 267038 
650 0 |a Epistemología   |9 264994 
650 0 |a Física   |9 227844 
583 |a last modification  |c 19951211 00:00:00  |k Rodrigo Vera 
490 0 |a Paidós Psicología Evolutiva 
999 |c 242795  |d 242793 
952 |0 0  |1 0  |4 0  |6 160_000000000000000_INH_1985  |7 0  |8 A  |9 255977  |a BIBEDU  |b BIBEDU  |d 2019-11-19  |i 1605127  |o 160 INH 1985  |p 1605127  |r 2019-11-19  |w 2019-11-19  |y BK  |k EDU 
952 |0 0  |1 0  |4 0  |6 160_000000000000000_INH_1985  |7 0  |8 A  |9 255978  |a FDOPOS  |b FDOPOS  |d 2019-11-19  |i 369139K  |o 160 INH 1985  |p 369139K  |r 2025-01-22  |w 2019-11-19  |y BK  |k MLA